Quiz sur Cronos mythologie grecque - Statistiques

Statistiques générales
  • Ce quiz a été pris 69 fois
  • Le résultat moyen est 10 sur 13
Statistiques - réponses
Question Réponse % Correct
Fils de Cronos Zeus
98%
Fils de Cronos Posséidon
97%
Fils de Cronos Hades
95%
Mère de cronos Gaïa
93%
Fille de Cronos Hera
93%
Il est le …… des Titans Roi
88%
Père de Cronos Ouranos
86%
Il est le titan du Temps
79%
Femme de Cronos Rhéa
78%
Fille de Cronos Hestia
71%
Fille de Cronos Démeter
69%
A qui est il assimilé dans la mythologie romaine Saturne
43%
Qu’a fait chronos à ses enfants ? Il les a manger
12%
Aucun quiz correspondant
Distribution des résultats
% des personnes avec chaque résultat
Percentile par nombre de réponses
Votre historique - résultats
Vous n’avez pas pris ce quiz